000
00287nam a2200109Ia 4500
008
190216s9999||||xx |||||||||||||| ||und||
100
_a
Horngren Charles T
245
0
_a
Ntroduction To Management Accounting
260
_b
Prentice Hall Of India Pvt Ltd
_c
1984
300
_a
696p
942
_c
BK
999
_c
4969
_d
4969